Todo lo que hay que saber sobre funciones jurisdiccionales asignadas y ejercidas por la administración. (Registro nro. 32606)

Detalles MARC
000 -LEADER
fixed length control field 00403 a2200109 4500
001 - CONTROL NUMBER
control field ART_55660
005 - DATE AND TIME OF LATEST TRANSACTION
control field 20260410162015.0
008 - FIXED-LENGTH DATA ELEMENTS--GENERAL INFORMATION
fixed length control field 260409a
100 1# - MAIN ENTRY--PERSONAL NAME
Personal name Roitman, Facundo J.
245 10 - TITLE STATEMENT
Title Todo lo que hay que saber sobre funciones jurisdiccionales asignadas y ejercidas por la administración.
773 0# - HOST ITEM ENTRY
Title Temas de derecho administrativo
Related parts - Año 7, N° 4 (abr. 2022)
Record control number REV40468

No hay ítems disponibles.